000 01388nam a2200325 i 4500
999 _c22675
_d22675
001 C00601649
003 OSt
005 20230109112510.0
007 ta
008 211012s2020 pe a gr 000 p und
020 _a9786124732508
040 _cBMC
041 _aspa
082 _a970.015/M18C
100 _aMoreno Jeria, Rodrigo
_948849
245 _aCristóbal Colón, el emprendedor :
_buna historia en clave de negocios /
_cRodrigo Moreno Jeria
250 _aPrimera edición.
264 3 1 _aLima :
_bErnst & Young Asesores,
_c2016.
300 _a151 páginas :
_bil. col., facsíms., mapas, retrs. ;
_c23 cm.
500 _aAnaliza cómo Cristóbal Colón gestionó su proyecto para llegar a las Indias, desmitificando las creencias populares para exponer que fue resultado de una planificación similar a las estrategias de emprendimiento del siglo XXI.
504 _aBibliografía: p. 145-148.
650 _aViajes alrededor del mundo
_ySiglo XVI.
_948851
650 _aColón, Cristóbal
_y1451-1506
_xViajes
_948853
650 _aExploradores
_yItalia
_948854
650 _aCapacidad empresarial
_945694
651 _aAmérica
_xDescubrimiento y exploración.
_948855
710 _aErnst & Young Asesores (Lima)
_948856
856 _uhttps://assets.ey.com/content/dam/ey-sites/ey-com/es_pe/topics/growth/ey-cristobal-colon-2016.pdf
_zLeer en digital
942 _2ddc
_cLIBROS